Statistics for Countries in Dutch

Click here to take the quiz!

General Stats

  • This quiz has been taken 83 times
  • The average score is 12 of 14

Answer Stats

Dutch NameEnglish Name% Correct
DuitslandGermany
100%
IJslandIceland
99%
Zuid-SoedanSouth Sudan
94%
GriekenlandGreece
90%
OostenrijkAustria
86%
IvoorkustCôte d’Ivoire
86%
Wit-RuslandBelarus
84%
EstlandEstonia
83%
TsjechiëCzech Republic
80%
LitouwenLithuania
80%
LetlandLatvia
79%
Verenigde KoningkrijkUnited Kingdom
79%
SalomonseilandenSolomon Islands
74%
TsjaadChad
73%

Score Distribution

Percentile by Number Answered

Percent of People with Each Score

Your Score History

You have not taken this quiz